000 00659nam a2200265 a 4500
003 AR-BaBNM
005 20251128203541.0
008 082120s2002 ||||||||||||||000 | spa||
040 _cAR-BaBNM
100 1 _aLagunas, Alberto
245 0 0 _aDiario de un vidente
260 _aBuenos Aires
_bLosada
_c1980
300 _a174 p.
490 0 _aNovelistas de nuestra época
650 4 _aLITERATURA ARGENTINA
650 4 _aCUENTOS
650 4 _aESCRITORES
650 4 _aLITERATURA CONTEMPORANEA
653 _aLITERATURA FANTASTICA
653 _aNARRATIVA
653 _aINFLUENCIA CLASICA
655 _aLITERATURA
942 _cBK
998 _cMARTIN
999 _c3900
_d3900